00393 a2200157 4500001000700000020002700007041000800034082001700042100002400059250001000083300001200093856002400105040002500129245004100154260004000195108588 a9788581300146 (broch.) apor aP Year 2 028 aAlves, Maria Elisa. a. ed. a[10] p. u000001/0000019e.jpg aBR-BrIDEAcBR-BrIDEA10aE por que não?c Maria Elisa Alves a[S.l.]bGeração Editorialc2012